Gastgeber der Fußball-Europameisterschaften - Statistiken

Allgemein
  • Dieses Quiz wurde 15.822 mal gespielt
    14.821 seit der letzten Aktualisierung
  • Das Durchschnittsergebnis liegt bei 18 aus 20
Antwortstatistiken
Jahr Land % Korrekt
1988 BR Deutschland
100%
2024 Deutschland
100%
2020 Europa
100%
1960 Frankreich
97%
1984 Frankreich
97%
2016 Frankreich
97%
1964 Spanien
97%
1968 Italien
95%
1980 Italien
95%
2004 Portugal
92%
2012 Polen
91%
2008 Österreich
90%
2008 Schweiz
90%
1996 England
84%
2000 Niederlande
83%
1972 Belgien
81%
2000 Belgien
81%
1992 Schweden
81%
2012 Ukraine
78%
1976 Jugoslawien
38%
Keine übereinstimmenden Quizze gefunden
Verteilung der Resultate
Anzahl Personen mit jedem Resultat
Perzentil nach korrekt beantworteten Fragen
Ihre Resultats-Entwicklung
Sie haben dieses Quiz seit der letzten Aktualisierung nicht gespielt